000 00550nam a2200169Ia 4500
003 GCL
008 140319s9999 xx 000 0 ara d
040 _aGCL /
_cGCL
082 0 4 _aد
_b050
_bد هـ
245 1 0 _aالهلال مارس 2000 : بين ماركس وتشارلز داروين
260 _aالقاهرة :
_bدار الهلال للطباعة والنشر ،
_c2000
650 0 4 _aالقصص القصيرة
650 0 4 _aالفن الشعبى
650 0 4 _aماركس، كارل
650 0 4 _aدارون, تشارلز
942 _2ddc
_cCR
999 _c6706
_d6706